| 000 | 00875nas a2200277 4500 | ||
|---|---|---|---|
| 001 | BR2014005222 | ||
| 003 | BR-BrBNA | ||
| 005 | 20231205124421.0 | ||
| 007 | ta | ||
| 008 | 230509b bl.|||p| |||| 00| 00por d | ||
| 040 |
_aBR-BrBNA _bpor _cBiblioteca Nacional de Agricultura |
||
| 041 | _a(Pt) | ||
| 072 | _aL73 | ||
| 100 | 1 | _aSilva, A.E. | |
| 100 | 1 | _aSantos, F.G.A. | |
| 100 | 1 | _aCassali, G.D. | |
| 245 | 1 | _aMarcadores de proliferação celular na avaliação do crescimento do tumor sólido e ascítico de Ehrlich | |
| 650 | _aCAMUNDONGO | ||
| 650 | _aTUMOR | ||
| 650 | _aNEOPLASIA | ||
| 650 | _aINOCULAÇÃO | ||
| 650 | _aMARCADOR MOLECULAR | ||
| 773 | 0 |
_tArquivo Brasileiro de Medicina Veterinária e Zootecnia (Brazil) _xISSN 0102-0935 _g(Aug 2006), v. 58(4) p. 658-661 _wBR2014005222 |
|
| 909 |
_a202311 _bLúcia _c55 _dLúcia Elande |
||
| 942 |
_2AGRIS _n0 _cANA |
||
| 999 |
_c238967 _d238967 |
||